000 00303nam a22001337a 4500
008 180824b xxu||||| |||| 00| 0 eng d
020 _a9780838512227
041 _aeng
080 _27 ED
_a61
100 _a2
101 _aSHM
245 _aCLINICIAN POCKET REFERENCE
_cGOMELLA.L.G
942 _2udc
_cBK
999 _c47317
_d47317